|
|
|
|
| LEADER |
01325nam a2200337 a 4500 |
| 001 |
EBC420137 |
| 003 |
MiAaPQ |
| 005 |
20200520144314.0 |
| 006 |
m o d | |
| 007 |
cr cn||||||||| |
| 008 |
001011s2000 ne a sb 001 0 eng d |
| 010 |
|
|
|z 2001406843
|
| 020 |
|
|
|z 9053564616
|
| 035 |
|
|
|a (MiAaPQ)EBC420137
|
| 035 |
|
|
|a (Au-PeEL)EBL420137
|
| 035 |
|
|
|a (CaPaEBR)ebr10053672
|
| 035 |
|
|
|a (CaONFJC)MIL95871
|
| 035 |
|
|
|a (OCoLC)232190127
|
| 040 |
|
|
|a MiAaPQ
|c MiAaPQ
|d MiAaPQ
|
| 050 |
|
4 |
|a HD4921.E85
|b B28 2000
|
| 245 |
0 |
0 |
|a Basic income on the agenda
|h [electronic resource] :
|b policy objectives and political chances /
|c edited by Robert van der Veen and Loek Groot.
|
| 260 |
|
|
|a Amsterdam :
|b Amsterdam University Press ;
|a London :
|b Eurospan,
|c 2000.
|
| 300 |
|
|
|a 290 p. :
|b ill.
|
| 504 |
|
|
|a Includes bibliographical references and index.
|
| 533 |
|
|
|a Electronic reproduction. Ann Arbor, MI : ProQuest, 2015. Available via World Wide Web. Access may be limited to ProQuest affiliated libraries.
|
| 650 |
|
0 |
|a Minimum wage
|z Europe.
|
| 655 |
|
4 |
|a Electronic books.
|
| 700 |
1 |
|
|a Veen, Robert van der.
|
| 700 |
1 |
|
|a Groot, L. F. M.
|q (Lucas Franciscus Michael),
|d 1962-
|
| 710 |
2 |
|
|a ProQuest (Firm)
|
| 856 |
4 |
0 |
|u https://ebookcentral.proquest.com/lib/matrademy/detail.action?docID=420137
|z Click to View
|